000
00278nam a22001217a 4500
008
180921b xxu||||| |||| 00| 0 eng d
041
_a
eng
080
_a
338
100
_a
54
101
_a
MAN
245
_a
The Modern Mnagement Of The Menopause
_c
Berg.C
942
_2
udc
_c
BK
999
_c
48156
_d
48156